Восприятие поэзии Карла Сэндберга Владимиром Маяковским; Вестник науки Сибири; № 15 : Спецвыпуск
| Parent link: | Вестник науки Сибири: электронный научный журнал/ Томский политехнический университет (ТПУ).— , 2011-.— 2226-0064 № 15 : Спецвыпуск.— 2015.— [С. 250-254] |
|---|---|
| 第一著者: | |
| その他の著者: | |
| 要約: | Заглавие с титульного листа Авторами сделана попытка интерпретации творчества американского поэта Карла Сэндберга сквозь призму восприятия русского поэта Маяковского, выявлены особенности восприятия художественного мира Сэндберга Владимиром Маяковским, освещена близость поэзии Сэндберга к творчеству Маяковского, которую отмечали литературоведы Менделевский и Мендельсон. |
| 言語: | ロシア語 |
| 出版事項: |
2015
|
| シリーズ: | Филология. Педагогика |
| 主題: | |
| オンライン・アクセス: | http://earchive.tpu.ru/handle/11683/16835 |
| フォーマット: | 電子媒体 図書の章 |
| KOHA link: | https://koha.lib.tpu.ru/cgi-bin/koha/opac-detail.pl?biblionumber=542899 |
MARC
| LEADER | 00000naa2a2200000 4500 | ||
|---|---|---|---|
| 001 | 542899 | ||
| 005 | 20231101115127.0 | ||
| 035 | |a (RuTPU)RU\TPU\prd\233425 | ||
| 035 | |a RU\TPU\prd\233424 | ||
| 090 | |a 542899 | ||
| 100 | |a 20150317d2015 k y0rusy50 ca | ||
| 101 | 0 | |a rus | |
| 102 | |a RU | ||
| 135 | |a drcn ---uucaa | ||
| 181 | 0 | |a i | |
| 182 | 0 | |a b | |
| 200 | 1 | |a Восприятие поэзии Карла Сэндберга Владимиром Маяковским |f Н. Е. Кошиль, Н. В. Рыбина | |
| 203 | |a Текст |c электронный | ||
| 215 | |a 1 файл (528 Кб) | ||
| 225 | 1 | |a Филология. Педагогика | |
| 230 | |a Электронные текстовые данные (1 файл : 528 Кб) | ||
| 300 | |a Заглавие с титульного листа | ||
| 320 | |a [Библиогр.: с. 254 (6 назв.)] | ||
| 330 | |a Авторами сделана попытка интерпретации творчества американского поэта Карла Сэндберга сквозь призму восприятия русского поэта Маяковского, выявлены особенности восприятия художественного мира Сэндберга Владимиром Маяковским, освещена близость поэзии Сэндберга к творчеству Маяковского, которую отмечали литературоведы Менделевский и Мендельсон. | ||
| 337 | |a Adobe Reader | ||
| 461 | 1 | |0 (RuTPU)RU\TPU\prd\143680 |x 2226-0064 |t Вестник науки Сибири |o электронный научный журнал |f Томский политехнический университет (ТПУ) |d 2011- | |
| 463 | 1 | |0 (RuTPU)RU\TPU\prd\233197 |t № 15 : Спецвыпуск |v [С. 250-254] |d 2015 | |
| 600 | 1 | |a Маяковский |g Владимир Владимирович |b В. В. |c русский поэт |f 1893-1930 |2 stltpush |3 (RuTPU)RU\TPU\pers\1040 | |
| 600 | 1 | |a Сэндберг |g Карл Август |f 1878-1967 |c американский поэт |b К. А. |2 stltpush |3 (RuTPU)RU\TPU\pers\33908 | |
| 610 | 1 | |a труды учёных ТПУ | |
| 610 | 1 | |a электронный ресурс | |
| 610 | 1 | |a рецепция | |
| 610 | 1 | |a поэзия | |
| 610 | 1 | |a американская литература | |
| 610 | 1 | |a русская литература | |
| 610 | 1 | |a художественный стиль | |
| 700 | 1 | |a Кошиль |b Н. Е. |g Наталия Евгеньевна | |
| 701 | 1 | |a Рыбина |b Н. В. |g Наталия Викторовна | |
| 801 | 1 | |a RU |b 63413507 |c 20090623 |g PSBO | |
| 801 | 2 | |a RU |b 63413507 |c 20180110 |g PSBO | |
| 856 | 4 | |u http://earchive.tpu.ru/handle/11683/16835 | |
| 942 | |c BK | ||